Nudes /

Đã lưu trong:
Chi tiết về thư mục
Tác giả chính: Duncan, Kenn
Tác giả khác: Como, William
Định dạng: Sách
Ngôn ngữ:Tiếng Anh
Được phát hành: [New York] Dance Magazine c1970
Những chủ đề:
Các nhãn: Thêm thẻ
Không có thẻ, Là người đầu tiên thẻ bản ghi này!

MARC

LEADER 00000nam a2200000 4500
001 CDOM0000001156
003 mi
005 20250914171427.0
008 250914b |||||||| |||| 00| 0 eng d
040 |c mi 
100 |a Duncan, Kenn 
245 1 |a Nudes /  |c Ken Duncan. Prefazione di William Como 
260 |a [New York]  |b Dance Magazine  |c c1970 
300 |a 54 p.  |c tutte foto. (b/n)  |c 36 cm. 
610 |a Duncan, Kenn - Fotografia - Nudo 
700 |a Como, William 
942 |2 ddc  |c BK 
952 |0 0  |1 0  |2 ddc  |4 0  |6 B_AFT01DUNKENUD11  |7 1  |9 5341  |a MI  |b MI  |d 2005-08-22  |i 4744  |l 0  |o B-AFT01-DUNKE-NUD11  |p CDOM4744  |r 2025-07-13 16:27:00  |w 2025-07-13  |x ACQUISTO  |y BK 
999 |c 4261  |d 4261